01757nam a2200421 a 4500001001200000003000800012006001900020007001500039008004100054010001700095016001600112020003800128020003500166040002100201035002100222043001200243045000900255050003000264082001800294100002300312245014200335260003600477300003200513504006600545533015200611650005100763650005100814650005100865651003900916651004900955651002901004651003901033651004001072651005101112655002901163710001701192856012601209ebr10378032CaPaEBRm u cr cn|||||||||090828s2009 bccab sb 001 0 eng  z 2009277998 z20099007487 z9780774815352 (hbk. : alk. paper) z0774815353 (hbk. : alk. paper) aCaPaEBRcCaPaEBR a(OCoLC)647908377 an-cn-on0 aw7y014aF1059.5.T686bP379 2009eb04a971.3/5412221 aWhitzman, Carolyn.10aSuburb, slum, urban villageh[electronic resource] :btransformations in Toronto's Parkdale neighbourhood, 1875-2002 /cCarolyn Whitzman. aVancouver :bUBC Press,cc2009. axiii, 222 p. :bill., maps. aIncludes bibliographical references (p. [205]-216) and index. aElectronic reproduction.bPalo Alto, Calif. :cebrary,d2013.nAvailable via World Wide Web.nAccess may be limited to ebrary affiliated libraries. 0aNeighborhoodszOntariozTorontovCase studies. 0aSocial changezOntariozTorontovCase studies. 0aCity planningzOntariozTorontovCase studies. 0aParkdale (Toronto, Ont.)xHistory. 0aParkdale (Toronto, Ont.)xSocial conditions. 0aToronto (Ont.)xHistory. 0aToronto (Ont.)xSocial conditions. 6aParkdale (Toronto, Ont.)xHistoire. 6aParkdale (Toronto, Ont.)xConditions sociales. 7aElectronic books.2local2 aebrary, Inc.40uhttp://site.ebrary.com/lib/rucke/Doc?id=10378032zAn electronic book accessible through the World Wide Web; click to view